000 00605nam a2200241Ia 4500
003 OSt
005 20221007101441.0
006 a|||||r|||| 00| 0
007 ta
008 221006b |||||||| |||| 00| 0 eng d
024 _a6,486
037 _cTextual
040 _aLCO
_cLCO
_beng
041 _2eng
_aeng
082 _aWv2,M85, L0
100 _aMARTIN BRITON
245 0 _aNew India,1885.
260 _aBombay
_bOxford University Press
_c1970
300 _a365
650 _aNEW INDIA
_9703015
942 _hWv2,M85, L0
_cTEXL
999 _c1176049
_d1176049